00330nam a2200133Ia 450000500170000000800410001702000150005808200130007310000220008624500150010826000340012330000130015750000260017020250425064245.0240331s9999 xx 000 0 und d a9552103878 bABAa891 aAbayasinghe,P.M.P 0aRamayanaya aColombobM. D. Gunasenac1992 a215 p ., aStory About Ramayanam